Royalty Chain - Statistics

General Stats
  • This quiz has been taken 318 times
  • The average score is 17 of 24
Answer Stats
Hint Answer % Correct
Name of the current Queen of England Elizabeth
100%
One of Prince William's official titles is "....... of Cambridge" Duke
96%
There have been eight English Kings with this name Henry
93%
Henry the Eight had two Queen's called this name Anne
92%
The Queen's husband is know as the "Duke of .............." Edinburgh
88%
His nickname is 'The Confessor' Edward
88%
Second son of the current Queen Andrew
86%
This royal house gave us 3 kings, 2 queens and a 9 day ruler Tudor
86%
The oldest royal residence in England Windsor
84%
What the 'R' stands for in the Queen's signature Regina
83%
One of the houses involved in the War of the Roses York
80%
The war of the cousins was also known as the war of the ..... Roses
79%
Royal house that included 4 King Georges Hanover
76%
The document King John signed (under duress!) Magna carta
74%
The Queen sat on this during her coronation Throne
72%
Possibly the wickedest uncle in English history, also the subject of a Shakespeare play Richard
68%
A London Royal Residence Kensington
63%
The royal estate in Norfolk Sandringham
63%
William the Conqueror led this group during his conquest of English Normans
61%
The only king from the house of Blois Stephen
61%
The title of male members of the Order of the Garter Knight
45%
This Duke was the uncle to two wives of Henry the eighth Norfolk
35%
Subsidiary title given from the Pope to English/British Monarchs Defender of the Faith
31%
Former Royal residence, now a magnet for tourists Hampton Court
22%
No matching quizzes found
Score Distribution
Percent of People with Each Score
Percentile by Number Answered
Your Score History
You have not taken this quiz